| 000 | 00000nam 2200000za 4500 |
| 001 | 9.837835 |
| 003 | CaOODSP |
| 005 | 20240419111628 |
| 007 | cr ||||||||||| |
| 008 | 170606s2017 onca o f000 0 fre d |
| 040 | |aCaOODSP|bfre |
| 043 | |an-cn--- |
| 086 | 1 |aYN5-119/2017F-PDF |
| 245 | 02|aL'Accord économique et commercial global entre le Canada et l'UE |h[ressource électronique] : |banalyse prospective. |
| 260 | |aOttawa : |bBureau du Directeur parlementaire du budget, |c2017. |
| 300 | |a51 p. |
| 500 | |aPubl. aussi en anglais sous le titre : The Canada-EU Comprehensive Economic and Trade Agreement : a prospective analysis. |
| 500 | |aTitre de la couv. |
| 500 | |a«Le 2 mai 2017.» |
| 504 | |aComprend des références bibliographiques (p. 47-48). |
| 520 | |a«Le présent rapport vise à estimer les répercussions de l’Accord économique et commercial global récemment signé avec l’Union européenne, dont la mise en oeuvre au Canada a été prévue dans le projet de loi C-30. On y décrit les effets de l’accord à l’échelle sectorielle, ainsi que sur l’ensemble de l’économie.» - en verso de la vouverture. |
| 692 | 07|2gccst|aAccord international |
| 692 | 07|2gccst|aCommerce extérieur |
| 700 | 1 |aBagnoli, Philip. |
| 700 | 1 |aGeorgieva, Vania. |
| 700 | 1 |aMacDonald, Duncan S.,|d1984- |
| 710 | 1 |aCanada. |bBureau du Directeur parlementaire du budget. |
| 775 | 08|tThe Canada-EU Comprehensive Economic and Trade Agreement |w(CaOODSP)9.837824 |
| 856 | 40|qPDF|s685 Ko|uhttps://publications.gc.ca/collections/collection_2017/dpb-pbo/YN5-119-2017-fra.pdf |